Genese de la pensee linguistique (Record no. 66171)
[ view plain ]
| 000 -LEADER | |
|---|---|
| fixed length control field | 00893cam6a220026500 4500 |
| 001 - CONTROL NUMBER | |
| control field | lcf00045394 |
| 008 - FIXED-LENGTH DATA ELEMENTS--GENERAL INFORMATION | |
| fixed length control field | 740111s1973 fr b 001 0 fre |
| 010 ## - LIBRARY OF CONGRESS CONTROL NUMBER | |
| LC control number | 73180068 //r84 |
| 015 ## - NATIONAL BIBLIOGRAPHY NUMBER | |
| National bibliography number | F*** |
| 020 ## - INTERNATIONAL STANDARD BOOK NUMBER | |
| Terms of availability | 30.00F |
| 035 ## - SYSTEM CONTROL NUMBER | |
| System control number | (Sirsi) r120832 |
| 035 ## - SYSTEM CONTROL NUMBER | |
| System control number | (DLC) 73180068 //r84 |
| 035 ## - SYSTEM CONTROL NUMBER | |
| System control number | (UPRA)lcf00045394 |
| 050 0# - LIBRARY OF CONGRESS CALL NUMBER | |
| Classification number | P61 |
| Item number | .J27 |
| 100 1# - MAIN ENTRY--PERSONAL NAME | |
| Personal name | Jacob, Andre. |
| Linkage | A87657.1 |
| 245 10 - TITLE STATEMENT | |
| Title | Genese de la pensee linguistique |
| Statement of responsibility, etc. | [par] Andre Jacob. Avec la collaboration de Pierre Caussat et Robert Nadeau. |
| 260 ## - PUBLICATION, DISTRIBUTION, ETC. | |
| Place of publication, distribution, etc. | Paris, |
| Name of publisher, distributor, etc. | A. Colin |
| Date of publication, distribution, etc. | [1973] |
| 490 0# - SERIES STATEMENT | |
| Series statement | Linguistique |
| Linkage | S13080.1 |
| 504 ## - BIBLIOGRAPHY, ETC. NOTE | |
| Bibliography, etc. note | Bibliography: p. 315-321. |
| 650 #0 - SUBJECT ADDED ENTRY--TOPICAL TERM | |
| Topical term or geographic name entry element | Linguistics -- History. |
| General subdivision | Linguistics -- History. |
| Linkage | S34362.1 |
| 700 1# - ADDED ENTRY--PERSONAL NAME | |
| Personal name | Caussat, Pierre. |
| Linkage | A87658.1 |
| 700 1# - ADDED ENTRY--PERSONAL NAME | |
| Personal name | Nadeau, Robert 1944- |
| Dates associated with a name | Nadeau, Robert 1944- |
| Linkage | A111110.1 |
| 949 ## - LOCAL PROCESSING INFORMATION (OCLC) | |
| a | P61 |
| w | lcc |
| i | -173734 |
| m | MAIN |
| t | BOOK |
| l | ON-SHELF |
No items available.